[Event "Bundesliga 9596"]
[Site "Deutschland"]
[Date "1996.??.??"]
[Round "?.5"]
[White "Loew, Gerald"]
[Black "Thesing, Matthias"]
[Result "0-1"]
[WhiteElo "2285"]
[BlackElo "2415"]
[PlyCount "122"]
[EventDate "1995.10.??"]
[EventType "team"]
[EventRounds "15"]
[EventCountry "GER"]
[SourceTitle "Bundesliga 9596"]
[Source "DeepChess"]
[SourceDate "2005.01.01"]
[SourceVersion "1"]
[SourceVersionDate "2005.01.01"]
[SourceQuality "1"]
[WhiteTeam "SC 1868 Bamberg e.V."]
[BlackTeam "PSV Turm Duisburg 1920 e.V."]
[WhiteTeamCountry "GER"]
[BlackTeamCountry "GER"]

1. e4 e6 2. d4 d5 3. Nd2 c5 4. Ngf3 cxd4 5. exd5 Qxd5 6. Bc4 Qd6 7. O-O Nf6 8.
Nb3 Nc6 9. Nbxd4 Nxd4 10. Qxd4 a6 11. a4 Qxd4 12. Nxd4 Bd7 13. Be2 O-O-O 14.
Bf3 e5 15. Nb3 h6 16. Be3 Be6 17. Bb6 Re8 18. Rfd1 e4 19. Be2 Nd5 20. Ba7 Nf4
21. Bf1 g5 22. Nc5 Bf5 23. a5 Bg7 24. Na4 Rd8 25. Nb6+ Kc7 26. Nc4 Kc6 27. Bb6
Rxd1 28. Rxd1 Nd5 29. Ba7 Be6 30. c3 Re8 31. Ne3 Nf4 32. Bd4 Bf8 33. b4 Rd8 34.
Rb1 Nd3 35. Bb6 Rc8 36. Rd1 Kb5 37. Bd4 f5 38. f3 Rd8 39. fxe4 fxe4 40. Bb6 Rd7
41. g3 Bg7 42. Bg2 Bxc3 43. Bxe4 Nxb4 44. Rxd7 Bxd7 45. Bxb7 Nc6 46. Nd5 Nxa5
47. Bf2 Be5 48. Ba8 Nc6 49. Be1 a5 50. Nc3+ Kc4 51. Na4 Bd4+ 52. Bf2 Nb4 53.
Nb6+ Bxb6 54. Bxb6 a4 55. Bd8 Bc6 56. Bxc6 Nxc6 57. Bf6 a3 58. Ba1 Nd4 59. Kf2
Kd3 60. h3 Nb3 61. Bg7 Nd4 0-1

[Event "Bundesliga 9596"]
[Site "Deutschland"]
[Date "1996.??.??"]
[Round "?.6"]
[White "Pirrot, Dieter"]
[Black "Rupp, Markus"]
[Result "1-0"]
[WhiteElo "2405"]
[BlackElo "2330"]
[PlyCount "109"]
[EventDate "1995.10.??"]
[EventType "team"]
[EventRounds "15"]
[EventCountry "GER"]
[SourceTitle "Bundesliga 9596"]
[Source "DeepChess"]
[SourceDate "2005.01.01"]
[SourceVersion "1"]
[SourceVersionDate "2005.01.01"]
[SourceQuality "1"]
[WhiteTeam "PSV Turm Duisburg 1920 e.V."]
[BlackTeam "SC 1868 Bamberg e.V."]
[WhiteTeamCountry "GER"]
[BlackTeamCountry "GER"]

1. e4 e6 2. d4 d5 3. e5 c5 4. c3 Nc6 5. Nf3 Qb6 6. a3 c4 7. Nbd2 f6 8. Be2 fxe5
9. Nxe5 Nxe5 10. dxe5 Bc5 11. O-O Ne7 12. b4 cxb3 13. Nxb3 O-O 14. Nxc5 Qxc5
15. Qc2 Nf5 16. Bd3 Bd7 17. a4 Rfc8 18. Bd2 d4 19. Bxf5 exf5 20. Qb3+ Qc4 21.
Qxb7 Bxa4 22. cxd4 Qxd4 23. Be3 Qd7 24. Qb4 Bc6 25. Rfd1 a5 26. Qb6 Qb7 27.
Rxa5 Rxa5 28. Qxa5 Bxg2 29. e6 h6 30. Qxf5 Rf8 31. Qb1 Qxb1 32. Rxb1 Bh3 33. e7
Re8 34. Bc5 Kf7 35. Rb3 Bf5 36. Re3 Rc8 37. Re5 g6 38. Kg2 Ra8 39. Kg3 Rc8 40.
h4 Re8 41. Kf4 h5 42. Re3 Be6 43. Ke5 Bf5 44. Ra3 Rc8 45. Ra5 Rc6 46. Kd5 Bd7
47. Ra8 Rc8 48. Ra6 Be8 49. Rb6 Rc7 50. Rb4 Rc6 51. Bd6 Rc8 52. Rf4+ Kg7 53.
Rf8 Bc6+ 54. Ke6 Re8 55. Be5+ 1-0

[Event "Bundesliga 9596"]
[Site "Deutschland"]
[Date "1996.??.??"]
[Round "?.7"]
[White "Held, Markus"]
[Black "Kilian, Ralf"]
[Result "1/2-1/2"]
[WhiteElo "2205"]
[BlackElo "2210"]
[PlyCount "84"]
[EventDate "1995.10.??"]
[EventType "team"]
[EventRounds "15"]
[EventCountry "GER"]
[SourceTitle "Bundesliga 9596"]
[Source "DeepChess"]
[SourceDate "2005.01.01"]
[SourceVersion "1"]
[SourceVersionDate "2005.01.01"]
[SourceQuality "1"]
[WhiteTeam "SC 1868 Bamberg e.V."]
[BlackTeam "PSV Turm Duisburg 1920 e.V."]
[WhiteTeamCountry "GER"]
[BlackTeamCountry "GER"]

1. e4 e6 2. d4 d5 3. exd5 exd5 4. Nf3 Bd6 5. c4 Nf6 6. Bd3 O-O 7. O-O dxc4 8.
Bxc4 Nc6 9. h3 h6 10. Nc3 a6 11. Re1 b5 12. Bf1 Bb7 13. Ne5 Ne7 14. Bf4 Ned5
15. Nxd5 Nxd5 16. Bg3 Nf6 17. Bh4 g5 18. Bg3 c5 19. dxc5 Bxc5 20. Ng4 Nxg4 21.
Qxg4 f5 22. Qe2 f4 23. Qe6+ Rf7 24. Bh2 Qb6 25. Qxb6 Bxb6 26. a4 Rc8 27. axb5
axb5 28. Bxb5 Rc2 29. Re2 Rfc7 30. b3 Rxe2 31. Bxe2 Rc2 32. Bc4+ Kg7 33. Rf1
Rb2 34. g3 f3 35. g4 Bd4 36. Bg3 Kf6 37. Rd1 Be5 38. Bxe5+ Kxe5 39. Kf1 Be4 40.
Ke1 Bc2 41. Ra1 Kd4 42. Kf1 Bxb3 1/2-1/2

[Event "Bundesliga 9596"]
[Site "Deutschland"]
[Date "1996.??.??"]
[Round "?.8"]
[White "Dinstuhl, Burghard"]
[Black "Beuchler, Holger"]
[Result "1/2-1/2"]
[WhiteElo "2335"]
[BlackElo "2185"]
[PlyCount "120"]
[EventDate "1995.10.??"]
[EventType "team"]
[EventRounds "15"]
[EventCountry "GER"]
[SourceTitle "Bundesliga 9596"]
[Source "DeepChess"]
[SourceDate "2005.01.01"]
[SourceVersion "1"]
[SourceVersionDate "2005.01.01"]
[SourceQuality "1"]
[WhiteTeam "PSV Turm Duisburg 1920 e.V."]
[BlackTeam "SC 1868 Bamberg e.V."]
[WhiteTeamCountry "GER"]
[BlackTeamCountry "GER"]

1. d4 f5 2. c4 Nf6 3. g3 g6 4. Bg2 Bg7 5. Nh3 Nc6 6. O-O O-O 7. d5 Ne5 8. Qc2
c6 9. Nd2 Qc7 10. Qb3 Rb8 11. a4 Kh8 12. e4 fxe4 13. Nxe4 b5 14. axb5 cxb5 15.
cxb5 Nxe4 16. Bxe4 a6 17. Bf4 Rxb5 18. Qa2 Rb4 19. Bg2 Qc2 20. Rac1 Qxb2 21.
Qxb2 Rxb2 22. Rc7 Nd3 23. Bg5 Be5 24. Bxe7 Re8 25. d6 a5 26. Be4 Nb4 27. Rc5
Bd4 28. Rxa5 Ba6 29. Rd1 Bc3 30. Rc5 Be2 31. Rb1 Rxb1+ 32. Bxb1 Bd4 33. Rc7 Nd5
34. Rb7 Bg4 35. Nf4 Nxe7 36. dxe7 Rxe7 37. Kg2 Be5 38. Nd5 Rf7 39. Be4 Kg7 40.
h3 Be6 41. f4 Bd4 42. g4 d6 43. Nc7 Ba2 44. Ne8+ Kg8 45. Rxf7 Kxf7 46. Nxd6+
Ke7 47. Nb5 Bb2 48. Kg3 Bc4 49. Na7 Be6 50. Nc6+ Kf6 51. g5+ Kg7 52. Ne5 Bc3
53. Nf3 Ba5 54. h4 Bc7 55. Ne5 Ba5 56. Nd3 Bc4 57. Nf2 h6 58. gxh6+ Kxh6 59.
Ng4+ Kg7 60. Ne5 Bf7 1/2-1/2

[Event "Bundesliga 9596"]
[Site "Deutschland"]
[Date "1996.??.??"]
[Round "?.1"]
[White "Adams, Michael"]
[Black "Unzicker, Wolfgang"]
[Result "1-0"]
[WhiteElo "2660"]
[BlackElo "2450"]
[PlyCount "131"]
[EventDate "1995.10.??"]
[EventType "team"]
[EventRounds "15"]
[EventCountry "GER"]
[SourceTitle "Bundesliga 9596"]
[Source "DeepChess"]
[SourceDate "2005.01.01"]
[SourceVersion "1"]
[SourceVersionDate "2005.01.01"]
[SourceQuality "1"]
[WhiteTeam "SG 1868 Aljech. Solingen"]
[BlackTeam "PSV Turm Duisburg 1920 e.V."]
[WhiteTeamCountry "GER"]
[BlackTeamCountry "GER"]

1. e4 e5 2. Nf3 Nc6 3. Bb5 a6 4. Ba4 Nf6 5. O-O Nxe4 6. d4 b5 7. Bb3 d5 8. dxe5
Be6 9. Nbd2 Nc5 10. c3 d4 11. Bxe6 Nxe6 12. cxd4 Ncxd4 13. a4 Be7 14. Nxd4 Nxd4
15. Ne4 Ne6 16. Be3 O-O 17. f4 Qxd1 18. Rfxd1 Rad8 19. axb5 axb5 20. f5 Rxd1+
21. Rxd1 Rd8 22. Rc1 Nd4 23. f6 Ne2+ 24. Kf2 Nxc1 25. fxe7 Re8 26. Bxc1 Rxe7
27. Bf4 f6 28. Ke3 fxe5 29. Bg3 Kf7 30. Nc5 Re8 31. b4 Ra8 32. Bxe5 Ra2 33. Kf3
Rc2 34. Nd3 g6 35. Bd4 Rd2 36. Ne5+ Ke6 37. Be3 Ra2 38. Nd3 Kd5 39. Nf4+ Ke5
40. Ne2 c6 41. Bd4+ Kd6 42. Nc3 Rc2 43. h4 Ke6 44. Ne2 Kd5 45. Bc5 Ke5 46. g3
h5 47. Bf8 Ra2 48. Bg7+ Ke6 49. Ke3 Kf5 50. Nd4+ Kg4 51. Be5 Ra3+ 52. Ke4 Rc3
53. Bd6 Rc4 54. Kd3 Rc1 55. Kd2 Rc4 56. Ne2 Re4 57. Kd3 Re8 58. Bf4 Ra8 59. Ke4
Ra4 60. Ke5 Ra2 61. Nd4 Ra3 62. Nxc6 Rxg3 63. Bxg3 Kxg3 64. Nd4 Kxh4 65. Nxb5
Kg3 66. Nc3 1-0

[Event "Bundesliga 9596"]
[Site "Deutschland"]
[Date "1996.??.??"]
[Round "?.2"]
[White "Keitlinghaus, Ludger"]
[Black "Jussupow, Artur"]
[Result "1/2-1/2"]
[WhiteElo "2475"]
[BlackElo "2655"]
[PlyCount "45"]
[EventDate "1995.10.??"]
[EventType "team"]
[EventRounds "15"]
[EventCountry "GER"]
[SourceTitle "Bundesliga 9596"]
[Source "DeepChess"]
[SourceDate "2005.01.01"]
[SourceVersion "1"]
[SourceVersionDate "2005.01.01"]
[SourceQuality "1"]
[WhiteTeam "PSV Turm Duisburg 1920 e.V."]
[BlackTeam "SG 1868 Aljech. Solingen"]
[WhiteTeamCountry "GER"]
[BlackTeamCountry "GER"]

1. e4 Nf6 2. e5 Nd5 3. d4 d6 4. Nf3 Bg4 5. Be2 e6 6. O-O Be7 7. h3 Bh5 8. b3
Nc6 9. c4 Nb6 10. Nc3 O-O 11. Be3 d5 12. c5 Nc8 13. Ne1 Bxe2 14. Nxe2 b6 15.
Nd3 bxc5 16. dxc5 a5 17. a4 Rb8 18. Rb1 N8a7 19. Bd2 f6 20. Nef4 Qd7 21. exf6
Bxf6 22. Qg4 Nd4 23. Bxa5 1/2-1/2

[Event "Bundesliga 9596"]
[Site "Deutschland"]
[Date "1996.??.??"]
[Round "?.3"]
[White "Gabriel, Christian"]
[Black "Enders, Peter"]
[Result "1/2-1/2"]
[WhiteElo "2510"]
[BlackElo "2495"]
[PlyCount "65"]
[EventDate "1995.10.??"]
[EventType "team"]
[EventRounds "15"]
[EventCountry "GER"]
[SourceTitle "Bundesliga 9596"]
[Source "DeepChess"]
[SourceDate "2005.01.01"]
[SourceVersion "1"]
[SourceVersionDate "2005.01.01"]
[SourceQuality "1"]
[WhiteTeam "SG 1868 Aljech. Solingen"]
[BlackTeam "PSV Turm Duisburg 1920 e.V."]
[WhiteTeamCountry "GER"]
[BlackTeamCountry "GER"]

1. d4 Nf6 2. c4 g6 3. Nc3 Bg7 4. e4 d6 5. Nf3 O-O 6. Be2 e5 7. d5 a5 8. h3 Na6
9. Bg5 Qe8 10. g4 Kh8 11. Nd2 h6 12. Be3 Nh7 13. Nf3 Nc5 14. Qc2 Qe7 15. O-O-O
f5 16. exf5 gxf5 17. Nd2 b6 18. f3 Bd7 19. h4 e4 20. Rde1 a4 21. gxf5 exf3 22.
Bxc5 fxe2 23. Rxe2 Qf7 24. Bb4 Bxf5 25. Nce4 a3 26. Bc3 axb2+ 27. Qxb2 Bxc3 28.
Nxc3 Qg7 29. Rhe1 Rf7 30. Nb5 Nf6 31. Nd4 Ng8 32. N2b3 Bg4 33. Rg2 1/2-1/2

[Event "Bundesliga 9596"]
[Site "Deutschland"]
[Date "1996.??.??"]
[Round "?.4"]
[White "Thesing, Matthias"]
[Black "Chandler, Murray G"]
[Result "1-0"]
[WhiteElo "2415"]
[BlackElo "2535"]
[PlyCount "93"]
[EventDate "1995.10.??"]
[EventType "team"]
[EventRounds "15"]
[EventCountry "GER"]
[SourceTitle "Bundesliga 9596"]
[Source "DeepChess"]
[SourceDate "2005.01.01"]
[SourceVersion "1"]
[SourceVersionDate "2005.01.01"]
[SourceQuality "1"]
[WhiteTeam "PSV Turm Duisburg 1920 e.V."]
[BlackTeam "SG 1868 Aljech. Solingen"]
[WhiteTeamCountry "GER"]
[BlackTeamCountry "GER"]

1. e4 c5 2. Nc3 Nc6 3. Bb5 Nd4 4. Nf3 Nxb5 5. Nxb5 d6 6. d4 Nf6 7. Nc3 cxd4 8.
Qxd4 e5 9. Qa4+ Bd7 10. Qb3 Bc6 11. Bg5 Be7 12. Bxf6 Bxf6 13. O-O O-O 14. Rad1
Re8 15. Rd3 Re6 16. Rfd1 Be7 17. Nd2 Bf8 18. Nd5 Rc8 19. c4 h5 20. Nb4 Qc7 21.
Nxc6 bxc6 22. Qa4 Ree8 23. c5 dxc5 24. Nf3 Red8 25. h4 Be7 26. Qc2 Rxd3 27.
Rxd3 Rd8 28. g3 Rxd3 29. Qxd3 Bd6 30. b3 Be7 31. Kg2 Bd6 32. Qa6 Be7 33. Qd3 g6
34. Nd2 Kg7 35. Nc4 Qc8 36. Nxe5 Qe6 37. Nf3 Bf6 38. Qe3 c4 39. e5 Bd8 40. bxc4
Qxc4 41. Qxa7 Qe6 42. a4 Qa2 43. Qd4 Be7 44. e6+ f6 45. Qd7 Qa3 46. Nd4 Qb4 47.
Nxc6 1-0

[Event "Bundesliga 9596"]
[Site "Deutschland"]
[Date "1996.??.??"]
[Round "?.5"]
[White "Bischoff, Klaus"]
[Black "Pirrot, Dieter"]
[Result "1-0"]
[WhiteElo "2520"]
[BlackElo "2405"]
[PlyCount "121"]
[EventDate "1995.10.??"]
[EventType "team"]
[EventRounds "15"]
[EventCountry "GER"]
[SourceTitle "Bundesliga 9596"]
[Source "DeepChess"]
[SourceDate "2005.01.01"]
[SourceVersion "1"]
[SourceVersionDate "2005.01.01"]
[SourceQuality "1"]
[WhiteTeam "SG 1868 Aljech. Solingen"]
[BlackTeam "PSV Turm Duisburg 1920 e.V."]
[WhiteTeamCountry "GER"]
[BlackTeamCountry "GER"]

1. c4 e5 2. Nc3 Nc6 3. g3 g6 4. Bg2 Bg7 5. e4 d6 6. Nge2 f5 7. d3 Nh6 8. O-O
O-O 9. exf5 Nxf5 10. Rb1 a5 11. a3 Nfd4 12. Nxd4 Nxd4 13. b4 axb4 14. axb4 Rb8
15. b5 Be6 16. Be3 Nf5 17. Qd2 Qd7 18. Rb3 Nxe3 19. Qxe3 Bh3 20. Bxh3 Qxh3 21.
Qe4 Rf7 22. Ra3 Qc8 23. Rb1 Ra8 24. Rxa8 Qxa8 25. Qd5 Bf8 26. Ne4 Be7 27. Qe6
Qa3 28. Rd1 Qb3 29. Rd2 Kg7 30. Kg2 h6 31. h4 Qb4 32. Qd5 b6 33. Qe6 Qb3 34.
Qd5 Qb1 35. Qa8 Qb4 36. Qa1 Qb3 37. Qa2 Qxa2 38. Rxa2 Bd8 39. Ra7 h5 40. Kf1
Rd7 41. Nc3 Kf7 42. Nd5 Ke8 43. Rb7 Rf7 44. Ke2 Rd7 45. Rb8 Rf7 46. Nb4 Kd7 47.
Nc6 Rf8 48. Ke3 Be7 49. Rxf8 Bxf8 50. Ke4 Bh6 51. Nb4 Bc1 52. Nd5 Bb2 53. Kf3
Bd4 54. Ke2 Bb2 55. f3 Bc1 56. g4 Bh6 57. g5 Bf8 58. Ke3 Be7 59. Ke4 Bd8 60. f4
Ke6 61. Ne3 1-0

[Event "Bundesliga 9596"]
[Site "Deutschland"]
[Date "1996.??.??"]
[Round "?.6"]
[White "Prang, Edgar"]
[Black "Lau, Ralf"]
[Result "0-1"]
[WhiteElo "2335"]
[BlackElo "2495"]
[PlyCount "82"]
[EventDate "1995.10.??"]
[EventType "team"]
[EventRounds "15"]
[EventCountry "GER"]
[SourceTitle "Bundesliga 9596"]
[Source "DeepChess"]
[SourceDate "2005.01.01"]
[SourceVersion "1"]
[SourceVersionDate "2005.01.01"]
[SourceQuality "1"]
[WhiteTeam "PSV Turm Duisburg 1920 e.V."]
[BlackTeam "SG 1868 Aljech. Solingen"]
[WhiteTeamCountry "GER"]
[BlackTeamCountry "GER"]

1. Nf3 d5 2. c4 e6 3. d4 c6 4. Nc3 Nf6 5. cxd5 exd5 6. Bg5 Be7 7. e3 Bf5 8. Bd3
Bxd3 9. Qxd3 Nbd7 10. O-O O-O 11. Rab1 a5 12. Nd2 Re8 13. Rfc1 Nf8 14. Bxf6
Bxf6 15. Na4 Be7 16. Nc5 Ra7 17. Qc2 Bd6 18. a3 Qa8 19. b4 axb4 20. axb4 b6 21.
Nd3 Rc8 22. Nb3 Ne6 23. Ra1 Ra4 24. g3 g6 25. Nb2 Rxa1 26. Rxa1 Qb7 27. Nd3 Ra8
28. Qc1 Ra6 29. Kf1 Qa8 30. Ke2 Ra2+ 31. Rxa2 Qxa2+ 32. Nd2 Qa4 33. Qc3 Qb5 34.
Ke1 Nc7 35. e4 dxe4 36. Nxe4 Be7 37. Kd1 Qd5 38. f3 Nb5 39. Qb2 Nxd4 40. Nf4
Qc4 41. Nd2 Qxb4 0-1

[Event "Bundesliga 9596"]
[Site "Deutschland"]
[Date "1996.??.??"]
[Round "?.7"]
[White "Podzielny, Karl Heinz"]
[Black "Kilian, Ralf"]
[Result "1-0"]
[WhiteElo "2465"]
[BlackElo "2210"]
[PlyCount "65"]
[EventDate "1995.10.??"]
[EventType "team"]
[EventRounds "15"]
[EventCountry "GER"]
[SourceTitle "Bundesliga 9596"]
[Source "DeepChess"]
[SourceDate "2005.01.01"]
[SourceVersion "1"]
[SourceVersionDate "2005.01.01"]
[SourceQuality "1"]
[WhiteTeam "SG 1868 Aljech. Solingen"]
[BlackTeam "PSV Turm Duisburg 1920 e.V."]
[WhiteTeamCountry "GER"]
[BlackTeamCountry "GER"]

1. d4 Nf6 2. Nf3 e6 3. g3 b6 4. Bg2 Bb7 5. O-O Be7 6. c4 O-O 7. d5 exd5 8. Nh4
Ne8 9. Nf5 Nd6 10. Nxe7+ Qxe7 11. cxd5 Na6 12. Nc3 Nc5 13. Bf4 a5 14. Qc2 Ba6
15. Rad1 Rae8 16. Rfe1 f5 17. b3 Qf6 18. a3 Bb7 19. b4 axb4 20. axb4 Na6 21.
Qb3 Kh8 22. h4 Ne4 23. Nxe4 fxe4 24. Qc4 Qg6 25. e3 c5 26. dxc6 Qxc6 27. Qd4 d5
28. h5 Qc4 29. Qa1 Rxf4 30. exf4 h6 31. Bf1 Qxb4 32. Bxa6 Ra8 33. Bxb7 1-0

[Event "Bundesliga 9596"]
[Site "Deutschland"]
[Date "1996.??.??"]
[Round "?.8"]
[White "Quast, Michael"]
[Black "Schmidt, Bodo"]
[Result "0-1"]
[WhiteElo "2170"]
[BlackElo "2355"]
[PlyCount "74"]
[EventDate "1995.10.??"]
[EventType "team"]
[EventRounds "15"]
[EventCountry "GER"]
[SourceTitle "Bundesliga 9596"]
[Source "DeepChess"]
[SourceDate "2005.01.01"]
[SourceVersion "1"]
[SourceVersionDate "2005.01.01"]
[SourceQuality "1"]
[WhiteTeam "PSV Turm Duisburg 1920 e.V."]
[BlackTeam "SG 1868 Aljech. Solingen"]
[WhiteTeamCountry "GER"]
[BlackTeamCountry "GER"]

1. e4 e6 2. d4 d5 3. Nc3 Bb4 4. e5 c5 5. Bd2 Nh6 6. Nf3 Nc6 7. a3 Bxc3 8. Bxc3
cxd4 9. Bxd4 O-O 10. Bc5 Re8 11. Bd3 f6 12. Qe2 Nf7 13. Bb5 Bd7 14. Bxc6 Bxc6
15. Bd4 Rc8 16. O-O a6 17. Rfe1 f5 18. Bc3 g5 19. Nd4 g4 20. Bd2 Bd7 21. c3 h6
22. f3 gxf3 23. Qxf3 Qh4 24. Qf4 Qxf4 25. Bxf4 Kh7 26. h4 Nh8 27. Kf2 Rg8 28.
g3 Rg4 29. Nf3 Ba4 30. Nd4 Re8 31. Nf3 Bc2 32. Nh2 Rg7 33. Rac1 Be4 34. Rcd1
Ng6 35. Rg1 Reg8 36. Rde1 Nxf4 37. gxf4 Rg2+ 0-1

[Event "Bundesliga 9596"]
[Site "Deutschland"]
[Date "1995.??.??"]
[Round "?.2"]
[White "Piskov, Yury"]
[Black "Unzicker, Wolfgang"]
[Result "1/2-1/2"]
[WhiteElo "2535"]
[BlackElo "2450"]
[PlyCount "36"]
[EventDate "1995.10.??"]
[EventType "team"]
[EventRounds "15"]
[EventCountry "GER"]
[SourceTitle "Bundesliga 9596"]
[Source "DeepChess"]
[SourceDate "2005.01.01"]
[SourceVersion "1"]
[SourceVersionDate "2005.01.01"]
[SourceQuality "1"]
[WhiteTeam "SG Bochum 31"]
[BlackTeam "PSV Turm Duisburg 1920 e.V."]
[WhiteTeamCountry "GER"]
[BlackTeamCountry "GER"]

1. e4 e6 2. d4 d5 3. Nd2 c5 4. exd5 exd5 5. Ngf3 Nf6 6. Bb5+ Bd7 7. Bxd7+ Nbxd7
8. O-O Be7 9. dxc5 Nxc5 10. Nb3 Nce4 11. Nfd4 Qd7 12. Qf3 O-O 13. Nf5 Bd8 14.
Be3 g6 15. Ng3 Re8 16. Bd4 Rc8 17. c3 a6 18. Rfe1 Rc6 1/2-1/2

[Event "Bundesliga 9596"]
[Site "Deutschland"]
[Date "1995.??.??"]
[Round "?.3"]
[White "Schmittdiel, Eckhard"]
[Black "Keitlinghaus, Ludger"]
[Result "1/2-1/2"]
[WhiteElo "2435"]
[BlackElo "2500"]
[PlyCount "22"]
[EventDate "1995.10.??"]
[EventType "team"]
[EventRounds "15"]
[EventCountry "GER"]
[SourceTitle "Bundesliga 9596"]
[Source "DeepChess"]
[SourceDate "2005.01.01"]
[SourceVersion "1"]
[SourceVersionDate "2005.01.01"]
[SourceQuality "1"]
[WhiteTeam "SG Bochum 31"]
[BlackTeam "PSV Turm Duisburg 1920 e.V."]
[WhiteTeamCountry "GER"]
[BlackTeamCountry "GER"]

1. e4 e5 2. Nf3 Nf6 3. Nxe5 d6 4. Nf3 Nxe4 5. d4 d5 6. Bd3 Be7 7. c4 Bb4+ 8.
Nbd2 O-O 9. O-O Bf5 10. c5 Bxd2 11. Bxd2 Nc6 1/2-1/2

[Event "Bundesliga 9596"]
[Site "Deutschland"]
[Date "1995.??.??"]
[Round "?.4"]
[White "Raetsky, Alexander"]
[Black "Backwinkel, Paul"]
[Result "1-0"]
[WhiteElo "2505"]
[BlackElo "2410"]
[PlyCount "43"]
[EventDate "1995.10.??"]
[EventType "team"]
[EventRounds "15"]
[EventCountry "GER"]
[SourceTitle "Bundesliga 9596"]
[Source "DeepChess"]
[SourceDate "2005.01.01"]
[SourceVersion "1"]
[SourceVersionDate "2005.01.01"]
[SourceQuality "1"]
[WhiteTeam "PSV Turm Duisburg 1920 e.V."]
[BlackTeam "SG Bochum 31"]
[WhiteTeamCountry "GER"]
[BlackTeamCountry "GER"]

1. d4 c5 2. d5 d6 3. e4 e5 4. Bb5+ Nd7 5. a4 a6 6. Bd3 Be7 7. Na3 Ngf6 8. Qe2
O-O 9. Nf3 Nxe4 10. Bxe4 f5 11. Bxf5 Rxf5 12. O-O Nb6 13. Nc4 Nxd5 14. Rd1 Nf4
15. Bxf4 Rxf4 16. Nfxe5 Rb8 17. g3 Rd4 18. c3 Rxd1+ 19. Rxd1 Qf8 20. Nxd6 g6
21. Nxc8 Rxc8 22. Rd7 1-0

[Event "Bundesliga 9596"]
[Site "Deutschland"]
[Date "1995.??.??"]
[Round "?.5"]
[White "Sonntag, Hans Hubert"]
[Black "Thesing, Matthias"]
[Result "1/2-1/2"]
[WhiteElo "2415"]
[BlackElo "2410"]
[PlyCount "33"]
[EventDate "1995.10.??"]
[EventType "team"]
[EventRounds "15"]
[EventCountry "GER"]
[SourceTitle "Bundesliga 9596"]
[Source "DeepChess"]
[SourceDate "2005.01.01"]
[SourceVersion "1"]
[SourceVersionDate "2005.01.01"]
[SourceQuality "1"]
[WhiteTeam "SG Bochum 31"]
[BlackTeam "PSV Turm Duisburg 1920 e.V."]
[WhiteTeamCountry "GER"]
[BlackTeamCountry "GER"]

1. d4 d5 2. c4 e6 3. Nf3 Nf6 4. Bg5 dxc4 5. Nc3 c6 6. a4 Bb4 7. e4 c5 8. Bxc4
cxd4 9. Bb5+ Nc6 10. Nxd4 Bd7 11. O-O Bxc3 12. bxc3 h6 13. Bxf6 Qxf6 14. Bxc6
Bxc6 15. Nxc6 bxc6 16. Qd6 Rc8 17. Qd4 1/2-1/2

[Event "Bundesliga 9596"]
[Site "Deutschland"]
[Date "1995.??.??"]
[Round "?.6"]
[White "Pirrot, Dieter"]
[Black "Luecke, Norbert"]
[Result "1/2-1/2"]
[WhiteElo "2400"]
[BlackElo "2395"]
[PlyCount "35"]
[EventDate "1995.10.??"]
[EventType "team"]
[EventRounds "15"]
[EventCountry "GER"]
[SourceTitle "Bundesliga 9596"]
[Source "DeepChess"]
[SourceDate "2005.01.01"]
[SourceVersion "1"]
[SourceVersionDate "2005.01.01"]
[SourceQuality "1"]
[WhiteTeam "PSV Turm Duisburg 1920 e.V."]
[BlackTeam "SG Bochum 31"]
[WhiteTeamCountry "GER"]
[BlackTeamCountry "GER"]

1. e4 d5 2. exd5 Qxd5 3. Nc3 Qa5 4. d4 Nf6 5. Nf3 c6 6. Bc4 Bf5 7. Ne5 e6 8. g4
Bg6 9. h4 Nbd7 10. Nxd7 Nxd7 11. Bd2 h6 12. Qe2 Bb4 13. a3 O-O-O 14. O-O-O Bxa3
15. Na2 Qa4 16. Bb3 Qxd4 17. Bc3 Qf4+ 18. Bd2 1/2-1/2

[Event "Bundesliga 9596"]
[Site "Deutschland"]
[Date "1995.??.??"]
[Round "?.7"]
[White "Kassebaum, Roman"]
[Black "Prang, Edgar"]
[Result "1/2-1/2"]
[WhiteElo "2360"]
[BlackElo "2335"]
[PlyCount "53"]
[EventDate "1995.10.??"]
[EventType "team"]
[EventRounds "15"]
[EventCountry "GER"]
[SourceTitle "Bundesliga 9596"]
[Source "DeepChess"]
[SourceDate "2005.01.01"]
[SourceVersion "1"]
[SourceVersionDate "2005.01.01"]
[SourceQuality "1"]
[WhiteTeam "SG Bochum 31"]
[BlackTeam "PSV Turm Duisburg 1920 e.V."]
[WhiteTeamCountry "GER"]
[BlackTeamCountry "GER"]

1. e4 e6 2. d4 d5 3. Nd2 Nf6 4. e5 Nfd7 5. Bd3 c5 6. c3 Nc6 7. Ne2 cxd4 8. cxd4
a5 9. O-O Nb6 10. f4 g6 11. Nf3 h5 12. Qe1 Be7 13. Qg3 Rg8 14. Qh3 Bd7 15. g4
hxg4 16. Qh7 Rf8 17. Ng5 Bxg5 18. fxg5 Qe7 19. Qh4 Qb4 20. a3 Qb3 21. Bxg6
O-O-O 22. Bb1 Nc4 23. Qxg4 Rh8 24. Ba2 Qc2 25. Bb1 Qb3 26. Ba2 Qc2 27. Bb1
1/2-1/2

[Event "Bundesliga 9596"]
[Site "Deutschland"]
[Date "1995.??.??"]
[Round "?.8"]
[White "Werner, Knud"]
[Black "Buenermann, Volker"]
[Result "0-1"]
[WhiteElo "2295"]
[BlackElo "2290"]
[PlyCount "108"]
[EventDate "1995.10.??"]
[EventType "team"]
[EventRounds "15"]
[EventCountry "GER"]
[SourceTitle "Bundesliga 9596"]
[Source "DeepChess"]
[SourceDate "2005.01.01"]
[SourceVersion "1"]
[SourceVersionDate "2005.01.01"]
[SourceQuality "1"]
[WhiteTeam "PSV Turm Duisburg 1920 e.V."]
[BlackTeam "SG Bochum 31"]
[WhiteTeamCountry "GER"]
[BlackTeamCountry "GER"]

1. d4 Nf6 2. Nf3 g6 3. Bf4 Bg7 4. e3 O-O 5. h3 d6 6. Be2 e6 7. O-O Qe7 8. c4
Ne4 9. Nfd2 e5 10. dxe5 dxe5 11. Bh2 Rd8 12. Qc2 Nxd2 13. Nxd2 Bf5 14. e4 Bxh3
15. Rfd1 Be6 16. a3 Nc6 17. Nf3 Rxd1+ 18. Rxd1 Bg4 19. Ne1 Bxe2 20. Qxe2 Nd4
21. Qe3 Rd8 22. b4 Qe6 23. Nd3 Qxc4 24. Nxe5 Qc2 25. Re1 Ne6 26. Qf3 Ng5 27.
Qg4 Nxe4 28. Qf3 Nd6 29. Ng4 Qf5 30. Qxf5 gxf5 31. Ne3 Bb2 32. Bxd6 cxd6 33.
Nc4 Bf6 34. Rd1 d5 35. Na5 Rd7 36. Kf1 Kg7 37. Ke2 d4 38. Rd3 Rc7 39. Nb3 Rc2+
40. Ke1 Rc3 41. Ke2 f4 42. Rxc3 dxc3 43. Na1 Kg6 44. Nc2 Kf5 45. Kd3 f3 46.
Ne3+ Ke5 47. g3 h5 48. Nc4+ Kf5 49. Ne3+ Ke6 50. a4 Be5 51. Nf1 f5 52. Nh2 Bd4
53. Nf1 Bxf2 54. Kxc3 f4 0-1